00853cam a2200217 450000100060000000300080000600500170001400800410003103500190007204000320009104100080012308200180013124501520014926000650030130000320036650000860039850400510048465000300053570000390056570000310060429800BD-RjUL20211209051449.0140407r19691929nyua b 001 0 eng d a(BD-RjUL)29885 aDLCcDLCdDLCdBD-RjULbeng aeng00a152bFOU 196914aThe foundations of experimental psychology /cby H. Banister [and others] Edited by Carl Murchison. Worcester, Mass., Clark University Press, 1929. aNew York :bJohnson Reprint Corp.,cc1929 [reprinting 1969]. ax, 907 p. :bill. ;c24 cm. aOriginal ed. issued in series: The International university series in psychology. aIncludes bibliographical references and index. 0aPsychology, Experimental.1 aBanister, H.q(Harry),d1882-1962.1 aMurchison, Carl Allanmore,